Sains rumpai

Bibliographic Details
Main Author: ISMAIL Sahid
Format: Book
Published: Kuala Lumpur : DBP , 1989
Subjects:

MARC

LEADER 00000cam a2200000 7i4500
001 0000000789
005 20001006.0
020 0 0 |a 983620699X 
090 0 0 |a 632.58   |b ISM 1989 
100 0 0 |a ISMAIL Sahid 
245 1 0 |a Sains rumpai   |c Ismail Sahid 
260 0 0 |a Kuala Lumpur :   |b DBP ,   |c 1989 
300 |a x, 241 p. :   |b ill. (some col.) ;   |c 24 cm. 
500 0 0 |a Bibliography: [p. 211-221] and index 
650 0 0 |a Agricultural pests 
650 0 0 |a Weeds 
999 |a 0000005853   |b Monograph   |c Open Shelf   |e Default branch